| 000 | 01814cam a22004454i 4500 | ||
|---|---|---|---|
| 999 |
_c200439028 _d57240 |
||
| 003 | TR-AnTOB | ||
| 005 | 20201229175822.0 | ||
| 007 | ta | ||
| 008 | 081216s2006 tu a b 100 0 eng d | ||
| 010 | _a 2007460431 | ||
| 020 | _a9290631546 (the set) | ||
| 020 | _a9789290631545 (the set) | ||
| 020 | _a9290631511 (English papers) | ||
| 020 | _a9789290631514 (English papers) | ||
| 020 | _a929063152X (Turkish papers) | ||
| 020 | _a9789290631521 (Turkish papers) | ||
| 020 | _a9290631538 (Albanian papers) | ||
| 020 | _a9789290631538 (Albanian papers) | ||
| 035 | _a(OCoLC)ocn154584512 | ||
| 035 | _a(OCoLC)154584512 | ||
| 040 |
_aCGU _beng _erda _cMNU _dDLC _dTR-AnTOB |
||
| 041 | 0 | _aeng | |
| 050 | 0 | 0 |
_aDR23 _b.I58 2003 |
| 090 |
_aDR23 _b.I58 2003 |
||
| 111 | 2 |
_aInternational Symposium on Islamic Civilisation in the Balkans _n(2nd : _d(2nd : 4-7 December 2003 : _cTirana, Albania) _9128951 |
|
| 245 | 1 | 0 |
_aProceedings of the second International Symposium on Islamic Civilisation in the Balkans, Tirana, Albania, 4-7 December 2003 / _c[editor, Ali Çaksu ; preface, Halit Eren]. |
| 246 | 3 | 0 | _aIslamic Civilisation in the Balkans |
| 264 | 1 |
_aIstanbul : _bResearch Center for Islamic History, Art and Culture, _c2006. |
|
| 300 |
_ax, 207 pages : _billustrations (some color) ; _c24 cm |
||
| 336 |
_atext _btxt _2rdacontent |
||
| 337 |
_aunmediated _bn _2rdamedia |
||
| 338 |
_avolume _bnc _2rdacarrier |
||
| 490 | 0 |
_aSources and studies on the history of Islamic civilisation series ; _vno. 12 |
|
| 504 | _aIncludes bibliographical references. | ||
| 650 | 7 |
_aİslam uygarlığı _vKongreler _2etuturkob _915695 |
|
| 651 | 7 |
_aBalkan Yarımadası _xUygarlık _xKongreler _vCongresses. _2etuturkob _9128952 |
|
| 700 | 1 |
_aÇaksu, Ali _eeditor _9128953 |
|
| 942 |
_2lcc _cBK |
||